000 00246nam a22000977a 4500
008 170125b xxu||||| |||| 00| 0 eng d
041 _aeng
080 _a618.2
245 _aPRODUCTS AND APPLICATIONS FOR THE LABORATORY 2005
_cHELENA
942 _2udc
_cBK
999 _c3596
_d3596